|
|
|
|
| LEADER |
00000cam a2200000 a 4500 |
| 001 |
vtls001121957 |
| 003 |
SK-MaSNL |
| 005 |
20260302062620.0 |
| 008 |
240226s1988 xo odalfrn 000 0 slo |
| 015 |
|
|
|a SNBA1988/09
|
| 020 |
|
|
|q (viazané)
|
| 035 |
|
|
|a SNK000064800
|
| 035 |
|
|
|a 86F6ADF7-22B4-4C69-9F41-58A870FF0E40
|
| 035 |
|
|
|a urn:nbn:sk:snk-am00ifsa
|
| 040 |
|
|
|a SNK
|b slo
|c SNK
|e AACR2
|
| 041 |
0 |
|
|a slo
|
| 044 |
|
|
|a xo
|c SK
|
| 072 |
|
7 |
|a 699.8
|x Ochrana budov
|2 konspekt
|
| 080 |
|
|
|a 699.82
|2 1981
|
| 080 |
|
|
|a 721
|2 2011
|
| 080 |
|
|
|a 699.82
|2 2011
|
| 080 |
|
|
|a 699.828
|2 2011
|
| 080 |
|
|
|a (048.8)
|2 2011
|
| 100 |
1 |
|
|a Lipták, Tibor,
|d 1932-1996
|4 aut
|9 175313
|
| 245 |
1 |
0 |
|a Dodatočné odstraňovanie vlhkosti zo stien budov
|c Tibor Lipták
|
| 250 |
|
|
|a 1. vyd.
|
| 260 |
|
|
|a Bratislava
|b Alfa
|c 1988
|e Bratislava
|f Svornosť
|
| 300 |
|
|
|a 139 strán
|b fotografie, grafy, ilustrácie, tabuľky
|c 24 cm
|
| 366 |
|
|
|e 5000 výtl.
|
| 490 |
1 |
|
|a Edícia stavebníckej literatúry
|
| 504 |
|
|
|a Bibliografia na strane 136
|
| 650 |
0 |
7 |
|a budovy
|2 SNKPH
|9 1283
|
| 650 |
0 |
7 |
|a ochrana budov proti vlhkosti
|2 SNKPH
|9 94258
|
| 650 |
0 |
7 |
|a Vysušovanie stavieb
|2 SNKPH
|9 722852
|
| 655 |
|
7 |
|a monografie
|2 SNKPH
|9 70139
|
| 830 |
|
0 |
|a Edícia stavebníckej literatúry
|9 268357
|
| 852 |
|
|
|a Slovenská národná knižnica
|
| 954 |
|
|
|a odborná, vedecká literatúra pôvodná (slovenská)
|2 lita
|
| 958 |
|
|
|a OND
|
| 958 |
|
|
|a NB
|
| 958 |
|
|
|a TL
|
| 999 |
|
|
|c 1129921
|d 1131851
|
| 952 |
|
|
|a SNK
|b SNK
|y PREZ
|7 0
|p 17A0963216
|o snkSC 72284
|i snkKSP 6794/88
|0 0
|1 0
|4 0
|d 2012-09-21
|f 1
|l 0
|r 2025-07-25 00:00:00
|w 2026-02-24
|
| 952 |
|
|
|t P60, <04>, [BOOK], {604}
|a SNK
|b SNK
|y VYP
|7 0
|p 17A0056410
|o snkSC 72284 D1
|0 0
|1 0
|4 0
|d 1997-03-18
|l 0
|r 2004-12-31 00:00:00
|w 2026-02-24
|